| 000 | 01446nam a22003377a 4500 | ||
|---|---|---|---|
| 001 | 0006495 | ||
| 003 | KOHA_MİRAKIL | ||
| 005 | 20260207001524.0 | ||
| 007 | ta | ||
| 008 | 090717b2007 tu |||gr||||#0|||1|tur | | ||
| 020 | _a9754370095 | ||
| 040 |
_aTR-BiSEU _btur _cTR-BiSEU _erda |
||
| 041 | 0 | _atur | |
| 044 | _ctu | ||
| 050 |
_aPG3478.I8 _bD57 2007 |
||
| 100 | 1 | _aAytmatov, Cengiz . | |
| 245 | 1 |
_aDişi kurdun rüyaları / _cCengiz Aytmatov ; Cengiz Aytmatov ; tercüme Refik Özdek. |
|
| 250 | _a9.bs. | ||
| 264 | 1 |
_aİstanbul : _bÖtüken Neşriyat _c2007 |
|
| 300 | _a390 sayfa; 20 cm. | ||
| 336 |
_ametin _btxt _2rdacontent |
||
| 337 |
_aaracısız _bn _2rdamedia |
||
| 338 |
_acilt _bnc _2rdacarrier |
||
| 490 | 1 |
_aYayın No. ; _v216, Edebi Eserler ; _v107. |
|
| 505 |
_aAytmatov'un yazarlık seyrinin mahalli olandan evrensel olana taşındığı eseridir. Hıristiyanlık temel alınarak Sovyet rejiminin dinî hayat üzerindeki yanlış uygulamalarına, bunun bir neticesi olan uyuşturucu belasına ve bozulan ekolojik dengeye değinilmiştir. Farklı saiklerin bir araya getirdiği acımasız, serseri ve sorumsuz afyon kaçakçıları.... Bu kaçakçılarla yolu belli belirsiz kesişen bir dişi kurt... Bir devrin hüznüdür... _x |
||
| 650 | 0 |
_aKırgız romanı. _916015 |
|
| 650 | 0 |
_aKyrgyz fiction. _916016 |
|
| 830 | 1 |
_aYayın No. ; _v216, Edebi Eserler ; _v107. _95650 |
|
| 907 | _aRoman | ||
| 942 |
_2lcc _cBK |
||
| 999 |
_c6476 _d6476 |
||